| 000 | 00999nam a2200241 i 4500 | ||
|---|---|---|---|
| 001 | 172080 | ||
| 003 | ES-MaACL | ||
| 005 | 20250524144037.0 | ||
| 008 | 090612s1982 fr |||| | fre d | ||
| 080 | _a782.6 | ||
| 100 | 1 |
_aHaffner, Carl. _9140665 |
|
| 245 | 1 | 4 |
_aDie Fledermaus : operette in drei Aufzügen _b= La Chauve-souris : opérette en trois actes / _cmusique de Johann Strauss (1825-1899) ; texte de Carl Haffner et Richard Genée, d'après "Le Réveillon" de H. Meilhac et L. Halévy ; traduction française de Nicole Casanova. |
| 246 | 1 | 1 | _aLa Chauve-souris |
| 260 |
_aParis : _bGerard Billaudot, _c1982. |
||
| 300 |
_a259 p. ; _c18 cm. |
||
| 490 | 1 | _aOpéra de Paris. Bilingue | |
| 650 | 4 |
_aOperetas- _vLibretos. _9139352 |
|
| 700 | 1 |
_aGenée, Richard. _9140664 |
|
| 700 | 1 |
_aStrauss, Johann, _d1825-1899 _9240704 |
|
| 830 | 0 |
_aOpéra de Paris. Bilingue _9189043 |
|
| 852 | 4 |
_aES-MaACL _jE-12698 _9R.190296 _z. - Biblioteca Jacinto Martínez Lacalle |
|
| 999 |
_c172080 _d172080 |
||